| 000 | 00362nam a22001457a 4500 | ||
|---|---|---|---|
| 003 | OSt | ||
| 005 | 20150729122603.0 | ||
| 008 | 150729s2012 sp ||||| |||| 00| 0 c d | ||
| 020 | _a9788494009884 | ||
| 040 |
_bcat _cCPC Girona |
||
| 245 |
_aUn any a La Bodega. _bFotografies de Toni Vilches |
||
| 260 |
_aGirona _bCurbet _c2012 |
||
| 300 | _c21cm. | ||
| 942 |
_2udc _cMON |
||
| 999 |
_c6883 _d6883 |
||